Goya, pintor del pueblo / Ramon Xuriguera
Descripción Física:
30 p., [10] p. de làm. ; 28 cm
Materias:
Goya, Francisco de
MARC
| LEADER | 00000nam a2200000Ia 4500 | ||
|---|---|---|---|
| 001 | 9131 | ||
| 008 | 160829s9999 xx 000 0 cat d | ||
| 080 | |a RF-1-49 | ||
| 100 | |a Xuriguera, Ramon |9 30154 | ||
| 245 | |a Goya, pintor del pueblo / Ramon Xuriguera | ||
| 260 | |a Barcelona : |b Generalitat de Catalunya. Comissariat de Propaganda, [193 - ?] | ||
| 300 | |a 30 p., [10] p. de làm. ; |c 28 cm | ||
| 650 | |a Goya, Francisco de |9 30155 | ||
| 710 | 1 | |a Catalunya. |b Comissariat de Propaganda |9 56414 | |
| 856 | 4 | |u https://media.diba.cat/diba/fitxers/arxiu/fulletons/bib_9131_baixa.pdf |y Accés lliure | |
| 856 | 4 | |u https://media.diba.cat/diba/fitxers/arxiu/fulletons/bib_9131_baixa.pdf |y Accés lliure | |
| 901 | |a Arxiu | ||
| 942 | |n 1 |2 udc | ||
| 952 | |0 0 |1 0 |4 0 |6 RF149 |7 1 |9 45297 |a Arxiu |b Arxiu |d 2016-12-01 |l 0 |o RF-1-49 |p 9131 |r 2016-12-01 00:00:00 |w 2016-12-01 |y ARXIU | ||
| 999 | |c 48371 |d 48371 | ||
| 900 | |a bib_9131_baixa.pdf | ||